00000000nam 2200000zi 4500
0019.954356
003CaOODSP
00520250821093510
006m     o  d f      
007cr mn|||||||||
008250821e20241218oncd    obs  f000 0 eng d
040 |aCaOODSP|beng|erda|cCaOODSP
043 |an-cn---
0861 |aCS82-003/2024-12-2E-PDF
1001 |aBushnik, Tracey, |eauthor.
24510|aFrom BpTRU to OMRON : |bthe impact of changing automated blood pressure measurement devices on blood pressure estimates among children and youth / |cby Tracey Bushnik, Robert Myette and Janine Clarke.
264 1|a[Ottawa] : |bStatistics Canada = Statistique Canada, |cDecember 18, 2024.
264 4|c©2024
300 |a1 online resource (pages 16-30) : |bgraphs.
336 |atext|btxt|2rdacontent
337 |acomputer|bc|2rdamedia
338 |aonline resource|bcr|2rdacarrier
4901 |aHealth reports, |x1209-1367 ; |vvol. 35, no. 12, [2]
500 |aIssued also in French under title: De BpTRU à OMRON : incidence de l’utilisation d’un dispositif différent de mesure automatique de la tension artérielle sur les estimations de la tension artérielle chez les enfants et les jeunes.
504 |aIncludes bibliographical references (pages 29-30).
520 |a"This study assesses differences between BP values measured by both devices in children and youth aged 6 to 17 years and whether equations could be developed to compare BP measurements taken using the two devices"--Page 16.
650 0|aBlood pressure|zCanada|xMeasurement|vStatistics.
650 0|aBlood pressure|zCanada|vStatistics.
650 0|aChildren|xHealth and hygiene|zCanada|vStatistics.
650 0|aYouth|xHealth and hygiene|zCanada|vStatistics.
655 7|aStatistics|2lcgft
7102 |aStatistics Canada, |eissuing body.
77508|tDe BpTRU à OMRON : |w(CaOODSP)9.954360
830#0|aHealth reports (Series)|x1209-1367 ; |vvol. 35, no. 12, [2].|w(CaOODSP)9.950253
85640|qPDF|s2.36 MB|uhttps://publications.gc.ca/collections/collection_2025/statcan/82-003-x/CS82-003-2024-12-2-eng.pdf
85641|qHTML|sN/A|uhttps://www150.statcan.gc.ca/n1/pub/82-003-x/2024012/article/00002-eng.htm